MARC

LEADER 00000nam0a2200000 4500
001 37434
005 20231101210430.0
035 |a (RuTPU)RU\TPU\book\38016 
090 |a 37434 
100 |a 20020121d1992 m y0rusy50 ca 
101 0 |a rus 
102 |a RU 
105 |a y j 000zy 
200 1 |a Руководство к лабораторным работам по технике высоких напряжений  |g Томский политехнический университет  |f А. В. Астафуров, В. А. Бутенко, В. Ф. Важов 
210 |a Томск  |c Изд-во ТПУ  |d 1992 
215 |a 96 с. 
320 |a Библиогр.: с. 91. 
606 |a Техника высоких напряжений  |2 stltpush  |3 (RuTPU)RU\TPU\subj\60029  |9 77519 
610 1 |a электротехника 
610 1 |a высокие напряжения 
610 1 |a лабораторные работы 
610 1 |a учебные пособия 
675 |a 621.3.027.3(075.8)  |v 3 
700 1 |a Астафуров  |b А. В.  |c специалист в области электротехники  |c заведующий лабораторией Томского политехнического института  |c декан факультета электрорадиоуправления Томского политехничского института (1961-1965), доцент, кандидат технических наук  |c ученый секретарь Совета ректоров г. Томска  |c выпускник Томского политехничского института (1950)  |f 1919-2003  |g Александр Васильевич  |2 stltpush  |3 (RuTPU)RU\TPU\pers\39505 
701 1 |a Бутенко  |b В. А.  |c специалист в области энергетики  |c заведующий лабораторией Кафедры электроэнергетических сетей и систем Томского политехнического университета  |g Владимир Андреевич  |2 stltpush  |3 (RuTPU)RU\TPU\pers\28062 
701 1 |a Важов  |b В. Ф.  |c специалист в области энергетики  |c доцент Томского политехнического университета, кандидат технических наук  |f 1939-  |g Владислав Фёдорович  |2 stltpush  |3 (RuTPU)RU\TPU\pers\26506 
712 0 2 |a Томский политехнический университет  |2 stltpush  |3 (RuTPU)RU\TPU\col\376 
801 1 |a RU  |b 63413507  |c 20020121  |g PSBO 
801 2 |a RU  |b 63413507  |c 20200630  |g PSBO 
942 |c BK